000 01363cam a2200181 i 4500
020 _a9780073523873 (pbk. : acidfree paper)
040 _cDLC
082 0 0 _a302 MCG 2015 A113 Or.
100 1 _aHybels, Saundra.
245 1 0 _aCommunicating effectively /
250 _aEleventh edition.
300 _a1 volume (various pagings) :
_billustrations ;
_c26 cm
520 _a"Communicating Effectively, Eleventh Edition, is written for students taking speech communication classes for the first time. The book covers the theory and practice of communication, first by examining the communication process, second by discussing interpersonal communication, third by looking at other forms of communication including group, intercultural, and professional communication. Communication that occurs on the Internet is covered in a new online chapter, "Communication and Technology." The theory and practice of communication is covered, fourth, through a thorough examination of public communication. The overall approach of the book is pragmatic, so that students can not only see but also appreciate the practical application of the ideas, concepts, and theories in their own lives and in the lives of people who are close to them"--
650 0 _aOral communication.
650 7 _aLANGUAGE ARTS & DISCIPLINES / Speech.
700 1 _aWeaver, Richard L.,
942 _cEK
999 _c17408
_d17408